000 00965nam a22003017a 4500
001 00260
003 DO-SdBPM
005 20250704142048.0
007 ta
008 151207b1999 |||| 00| 0 spa d
020 _a848916343X
040 _aDO-SdBPM
_bspa
_cBPMSU
_erda
082 4 _a823
_bC319a 1999
_222
100 1 _aCarroll, Lewis,
_d1832-1898.
_eautor
245 1 0 _aLas aventuras de Alicia en el país de las maravillas /
_cLewis Carroll ; traducción Ramón Buckley.
264 _aMadrid :
_bJ. M. Ediciones,
_c1999.
300 _a122 páginas . ;
_c19 cm.
336 _atexto
_btxt
_2rdacontent
337 _asin mediación
_bn
_2rdamedia
338 _avolumen
_bnc
_2rdacarrier
490 0 _aClásicos universales,
_v8
590 _aInventarido, 2025/VM
650 7 _aCuentos Juveniles ingleses
650 7 _aAventuras
_vCuentos juveniles
700 1 _aBuckley, Ramón,
_etraductor
910 _aVMateo V. Control de calidad. BPMSU
942 _2ddc
_cBK
999 _c9010
_d9010